000 00268nam a22001217a 4500
008 171027b xxu||||| |||| 00| 0 eng d
041 _aeng
080 _a336
100 _a56
101 _aFIN
245 _aCASES IN CAPITAL BUDGETING
_cVANDELL,R.F
942 _2udc
_cBK
999 _c36263
_d36263